[Event "Auburn Hills op"]
[Site "Auburn Hills"]
[Date "2004.05.05"]
[Round "5"]
[White "Sigman, David"]
[Black "McCann, Desia"]
[Result "1-0"]
[WhiteElo "948"]
[BlackElo "338"]
[PlyCount "49"]
[EventDate "2004.04.17"]
[EventType "swiss"]
[EventRounds "5"]
[EventCountry "USA"]
[SourceTitle "EXT 2008"]
[Source "ChessBase"]
[SourceDate "2007.11.25"]
[SourceVersion "1"]
[SourceVersionDate "2007.11.25"]
[SourceQuality "1"]

1. e4 e6 2. d4 Nc6 3. d5 exd5 4. exd5 Na5 5. b4 Nc6 6. dxc6 Bxb4+ 7. c3 Bc5 8. cxd7+ Bxd7 9. Nf3 a6 10. Bc4 Nh6 11. Bxh6 gxh6 12. 0-0 Bd6 13. Qd5 Rf8 14. Re1+ Be6 15. Nd4 Rg8 16. Qxb7 Rc8 17. Nxe6 Qf6 18. Qc6+ Ke7 19. Nc5+ Kf8 20. Nd7+ Kg7 21. Nxf6 Kxf6 22. Qf3+ Kg7 23. Qxf7+ Kh8 24. Bd3 Rcf8 25. Qxh7# 1-0

[Event "Auburn Hills op"]
[Site "Auburn Hills"]
[Date "2004.04.17"]
[Round "3"]
[White "Crosby, Leonard"]
[Black "McCann, Desia"]
[Result "1-0"]
[WhiteElo "822"]
[BlackElo "338"]
[PlyCount "21"]
[EventDate "2004.04.17"]
[EventType "swiss"]
[EventRounds "5"]
[EventCountry "USA"]
[SourceTitle "EXT 2008"]
[Source "ChessBase"]
[SourceDate "2007.11.25"]
[SourceVersion "1"]
[SourceVersionDate "2007.11.25"]
[SourceQuality "1"]

1. e4 e5 2. Nf3 d6 3. Bc4 Nh6 4. d3 Be7 5. Bxh6 gxh6 6. Bxf7+ Kxf7 7. c3 Ke8 8. 0-0 d5 9. Nxe5 Bd6 10. Qh5+ Kf8 11. Qf7# 1-0